000
00268nam a22001097a 4500
082
_a
510
100
_a
Aditya Patel
_9
83086
245
_a
अंकगणित +एडवांस
260
_a
Indore
_b
Winners Pub.
_c
2025
650
_a
math
_9
32113
942
_c
C. BOOKS
999
_c
68189
_d
68189